Регионална библиотека "Любен Каравелов" - Русе

Домашните животни (Запис номер 179398)

MARC детайли
000 -Лидер
Контролно поле с фиксирана дължина 02114nam a2200481 c 4500
003 - Код на организацията, давaща контролен номер
Контролно поле BLK
005 - Дата и час на последна редакция
Контролно поле 20250710175404.0
008 - Елементи от данни с фиксирана дължина
fixed length control field 180411b bul|||||r ||||||| ||bul||
010 ## - Наследен системен номер
LC control number KNG00188177000
020 ## - Международен стандартен номер на книга ISBN
Международен стандартен номер на книга ISBN 978-619-199-012-2
020 ## - Международен стандартен номер на книга ISBN
Международен стандартен номер на книга ISBN 3800083816485
040 ## - Източник на каталожния запис
Идентификатор на билиотеката - собственик на записа BLK
041 ## - Код за език
Код за езика на текст/звукозапис или на отделно заглавие Български
Код за езика КДБФ Български
072 #7 - Код за тематичната категория
Код организация bullib
Код за тематична категория Н86
Текст Детска отраслова литература Н
080 ## - УДК
Текстов определител УДК Домашни животни
УДК код - определител по УДК 636.1/.9
УДК определител (035)(02.053.2)
УДК - код + определител 636.1/.9(035)(02.053.2)
100 ## - Редна дума - Автор
R(LIN) 341768
Автор Мьолер, Ане
Авторска отговорност текст и ил.
139 ## - Редно поле
Редна дума Мьолер, Ане
Авторски знак Мъ - М 97
245 10 - Сведения за заглавието
Заглавие Домашните животни
Подзаглавни данни Енциклопедия за най-малките : С повдигащи се капачета на всяка страница
Редно поле (дума) текст и ил. Ане Мьолер; прев. Розалина Палазова
257 ## - Страна на издаване
Страна на създаване/издаване Германия
260 ## - Област на издателските данни
Име на издателя, разпространителя и проч. Фют
Година на издаване 2015
Печатница отпеч. в Италия
Място на издаване, разпространение и проч. София
300 ## - Физическа характеристика
Страници 16 с.
Илюстрации и др. с цв. ил.
Размери/Мащаб 20 см
380 ## - Жанр
Жанр Детска отраслова лит.
490 ## - СЕРИИ (Колекции)
Име на серия Поредица Защо? Какво? Как?
9 (RLIN) 208015
№: серия 5
500 ## - Общи забележки
Забележка Кор. загл. - Ориг. загл. Wieso? Weshalb? Warum? Im Streicheizoo / Ill. und Text Anne Moller.
650 #4 - Допълнително описание по предмет – тема
Основно описание – тема или топоним Домашни животни - детска и юношеска литература
9 (RLIN) 313506
650 #4 - Допълнително описание по предмет – тема
Основно описание – тема или топоним Енциклопедии, детски
9 (RLIN) 154962
653 ## - Ключова дума – ненормативна
Ключова дума домашни животни
653 ## - Ключова дума – ненормативна
Ключова дума енциклопедии
653 ## - Ключова дума – ненормативна
Ключова дума литература за деца
653 ## - Ключова дума – ненормативна
Ключова дума детска литература
659 ## - Тематичен бюлетин
Тематичен бюлетин Н
700 1# - Други автори (авторска отговорност)
Лично име Мьолер, Ане
Автороска отговорност (Описва отношението между автора и произведението) текст и ил.
9 (RLIN) 341768
700 1# - Други автори (авторска отговорност)
Лично име Палазова, Розалина Борилова
Друга информация Журналист. Преводач от немски език.
9 (RLIN) 105705
852 ## - Местоположение
Форматна сигнатура Цб 274467
856 4# - Електронен адрес и достъп
Електронен формат pdf - файл
856 4# - Електронен адрес и достъп
Електронен формат pdf - файл
942 ## - АРТИКУЛИ
Вид на библиотечния материал Книги
Скрит в OPAC Не
Koha issues (borrowed), all copies 99
Периодичен библиозапис Да
944 ## - СЪЗДАВАНЕ И РЕДАКЦИЯ на ЗАПИСА
Създаване/Редакция Създаване
Дата на регистрацията/редакция 01.06.2016
Статус, дата на статуса Бояна Костадинова
Служител, извършил регистрацията/редакцията 30551
944 ## - СЪЗДАВАНЕ И РЕДАКЦИЯ на ЗАПИСА
Създаване/Редакция Редакция
Дата на регистрацията/редакция 17.06.2016
Статус, дата на статуса ф /
Служител, извършил регистрацията/редакцията Людмила_Стоянова
999 ## - СИСТЕМНИ КОНТРОЛНИ НОМЕРА
Koha biblionumber 179398
Koha biblioitemnumber 179398
999 ## - СИСТЕМНИ КОНТРОЛНИ НОМЕРА
Koha biblioitemnumber 179398
999 ## - СИСТЕМНИ КОНТРОЛНИ НОМЕРА
Koha biblioitemnumber 179398
999 ## - СИСТЕМНИ КОНТРОЛНИ НОМЕРА
Koha biblioitemnumber 179398
Наличности
Код за отписване Код за изгубен артикул Код за повреда Коз за рестрикции Код за отдаване Артикулен № Име на библиотеката - собственик Име на библиотеката, в която се намира в момента Статус (Текущо местоположение) Дата на вписване в системата Местоположение - отдел Цена в лева Инвентарен номер Систематично азбучна сигнатура Баркод Номер на екземпляра Цена в евро Служебна бележка Служебен тип на артикула Източник на класификационната схема
  Не е изгубен Не е повреден без рестрикции заемане за дома 307719 Регионална библиотека "Любен Каравелов" Русе Регионална библиотека "Любен Каравелов" Русе Детски отдел 2016-05-31 Детски отдел 9.90 120000800661 ДН 636/639/М 97 120000800661 1 5.06 Дост: Pk Вид: Ф N: 461 Дата: 30.05.2016 Книги  
  Не е изгубен Не е повреден без рестрикции заемане за дома 862070 Регионална библиотека "Любен Каравелов" Русе Регионална библиотека "Любен Каравелов" Русе Детски отдел 2021-11-16 Детски отдел 8.18   636/639/М 97 А 120000862518   4.18   Книги Universal Decimal Classification
  Не е изгубен Не е повреден без рестрикции заемане за дома 862071 Регионална библиотека "Любен Каравелов" Русе Регионална библиотека "Любен Каравелов" Русе Детски отдел 2021-11-16 Детски отдел 8.18   636/639/М 97 А 120000862519   4.18   Книги Universal Decimal Classification
Vip Innovations Ltd, Rousse, Bulgaria 2025